| 000 | 00812nam a2200217Ia 4500 | ||
|---|---|---|---|
| 999 |
_c38307 _d38307 |
||
| 001 | 4317 | ||
| 003 | GE_BSU | ||
| 005 | 20191004105309.0 | ||
| 008 | 181216s1981||||ge |||||||||||||| ||geo|| | ||
| 040 | _cGE_BSU | ||
| 041 | _ageo | ||
| 080 | _a371(479.223) ა–45 | ||
| 100 |
_aალავერდაშვილი, გიორგი _94493 |
||
| 245 |
_aდიდი ოჯახი / _cრედ. ვ. წულუკიძე. |
||
| 264 |
_a ბათუმი : _bსაბჭ. აჭარა, _c1981. |
||
| 300 |
_a118 გვ. ; _b20 სმ. |
||
| 653 | _aპედაგოგიკა | ||
| 653 | _aპედაგოგიური საზოგადოებები აჭარაში | ||
| 700 |
_aწულუკიძე, ვ. _eრედაქტორი _94494 |
||
| 942 |
_cBK _2udc |
||